Az ember biológiai jövője
Elmentve itt :
| Szerző: | |
|---|---|
| Adatforrás: | Philobibl |
| Forrásdokumentuma: | Korunk Évkönyv, 1983-84 83-93. p. |
| Dokumentumtípus: | Cikk |
| Nyelv: | magyar |
| Kulcsszavak: | filozófiai antropológia |
| LEADER | 00318nab a2200109 c 4500 | ||
|---|---|---|---|
| 001 | bibDOK00014564 | ||
| 005 | 20200924120937.7 | ||
| 008 | 060518s1983 hu hun | ||
| 100 | 1 | |a Mózes Magda | |
| 245 | 1 | 3 | |a Az ember biológiai jövője |c Mózes Magda |
| 695 | |a filozófiai antropológia | ||
| 773 | 0 | |t Korunk Évkönyv, 1983-84 |g 83-93. p. | |